Лига плюща - Statistics

General Stats
  • This quiz has been taken 50 times
  • The average score is 3 of 8
Answer Stats
Штат Университет % Correct
Массачусетс Гарвардский университет
90%
Коннектикут Йельский университет
58%
Нью-Джерси Принстонский университет
48%
Нью-Йорк Колумбийский университет
35%
Род-Айленд Брауновский университет
28%
Нью-Йорк Корнеллский университет
18%
Нью-Гэмпшир Дартмутский колледж
15%
Пенсильвания Пенсильванский университет
15%
No matching quizzes found
Score Distribution
Percent of People with Each Score
Percentile by Number Answered
Your Score History
You have not taken this quiz